| 000 | 00647nam a2200205 u 4500 | ||
|---|---|---|---|
| 005 | 20210223130454.0 | ||
| 008 | 080528s2007 r 000 0 eng d | ||
| 020 | _a9788496746053 | ||
| 035 | _aUPN01000156481 | ||
| 049 | _aCG | ||
| 050 | 4 |
_aBT520 _bH3.6 |
|
| 100 | 1 |
_aHassnain, Fida M., _d1924- |
|
| 245 | 1 | 3 |
_aLa otra historia de Jesús / _cFida M. Hassnain ; tr. de J. A. Bravo. |
| 260 |
_aBarcelona, Esp. : _bSwing, _cc2007. |
||
| 300 |
_a287 p. : _bil. |
||
| 440 | 0 | _aGrandes enigmas | |
| 534 |
_pTítulo original: _tA search for the historical Jesus |
||
| 600 | 0 | 4 |
_aJESUCRISTO - _xLITERATURA APOCRIFA Y LEGENDARIA _918978 |
| 905 | _aLibro | ||
| 999 |
_c128595 _d128595 |
||